00710nam a2200193Ia 450000500170000000800410001702000220005804100080008008200160008810000170010424500440012126000330016550000400019865000480023870000600028694200070034699900170035395201460037020230321132540.0230125s9999 xx 000 0 und d a978-93-5164-047-9 aeng a658.15bGOV aGovindaraj M aMerchant Banking and Financial Services c2014bNirali PrakashanaPune aFinancial services;Merchant banking aFinancial services;Merchant banking9180799 aGovindaraj M; Kulkarni S B & HNIMR Staff, Donor9116126 cBK c93796d93796 00104070aHIMRbHIMRd2015-12-02eHNIMR Staffg160.00o658.15 GOV DB2275pHIMR-DB-2275r2023-01-25 00:00:00v160.00w2023-01-25yDBzDB2275